Statistiques concernant Pokemon 2ème Génération

Cliquez ici pour prendre le quiz!

Statistiques générales

  • Ce quiz a été pris 17 fois
    (14 depuis la dernière actualisation)
  • Le résultat moyen est 74 sur 100

Statistiques - réponses

HintRéponse% Correct
Acier/SolSteelix
100%
EauAligatueur
88%
Psy/PlanteCelebi
88%
Insecte/AcierCizayox
88%
Glace/SolCochignon
88%
Ténèbres/VolCornèbre
88%
EauCrocrodil
88%
CombatDebugant
88%
Ténèbres/FeuDémolosse
88%
ElectrikElekid
88%
Roche/SolEmbrylex
88%
FeuEntei
88%
Ténèbres/GlaceFarfuret
88%
FeuFeurisson
88%
NormalFouinar
88%
NormalFouinette
88%
PlanteGermignon
88%
FeuHéricendre
88%
Feu/VolHo-oh
88%
Normal/VolHoothoot
88%
PlanteJoliflor
88%
EauKaiminus
88%
CombatKapoera
88%
ElectrikLainergie
88%
Eau/ElectrikLanturn
88%
Glace/PsyLippouti
88%
Eau/ElectrikLoupio
88%
Psy/VolLugia
88%
PlanteMacronium
88%
FeuMagby
88%
Ténèbres/FeuMalosse
88%
Glace/SolMarcacrin
88%
PlanteMéganium
88%
FéeMélo
88%
Psy/VolNatu
88%
Normal/VolNoarfang
88%
Poison/VolNostenfer
88%
ElectrikPharamp
88%
ElectrikPichu
88%
ElectrikRaikou
88%
Insecte/CombatScarhino
88%
Sol/VolScorplane
88%
EauSuicune
88%
FéeTogepi
88%
Fée/VolTogetic
88%
Normal/FéeToudoudou
88%
FeuTyphlosion
88%
Roche/TénèbresTyranocif
88%
ElectrikWattouat
88%
Psy/VolXatu
88%
Roche/SolYmphect
88%
Acier/VolAirmure
75%
Eau/SolAxoloto
75%
Eau/FéeAzumarill
75%
Plante/VolCotovol
75%
Insecte/VolCoxy
75%
Insecte/VolCoxyclaque
75%
NormalEcrémeuh
75%
Plante/VolFloravol
75%
Insecte/AcierForetress
75%
Plante/VolGranivol
75%
Eau/DragonHyporoi
75%
FeuLimagma
75%
Eau/SolMaraiste
75%
Eau/FéeMarill
75%
PsyMentali
75%
Insecte/PoisonMigalos
75%
Insecte/PoisonMimigal
75%
TénèbresNoctali
75%
InsectePomdepik
75%
Eau/PsyRoigada
75%
PlanteTournegrin
75%
Feu/RocheVolcaropod
75%
Glace/VolCadoizo
63%
Insecte/RocheCaratroc
63%
Eau/VolDémanta
63%
SpectreFeuforêve
63%
Normal/PsyGirafarig
63%
FéeGranbull
63%
PlanteHéliatronc
63%
NormalInsolourdo
63%
Eau/PoisonQwilfish
63%
Eau/RocheCorayon
50%
SolDonphan
50%
SolPhanpy
50%
RocheSimularbre
50%
FéeSnubbull
50%
NormalTeddiursa
50%
NormalUrsaring
50%
NormalCapumain
38%
NormalCerfrousse
38%
NormalLeuphorie
38%
EauOctillery
38%
PsyQulbutoké
38%
EauRémoraid
38%
Insecte/VolYanma
38%
PsyZarbi
38%
NormalPorygon2
25%
NormalQueulorior
25%
EauTarpaud
25%

Distribution des résultats

Percentile par nombre de réponses

% des personnes avec chaque résultat

Votre développement - résultats

Vous n’avez pas pris ce quiz depuis la dernière actualisation